00258nam a2200109Ia 4500008004100000100001800041245003800059260001300097650001400110942000700124999001700131190216s9999||||xx |||||||||||||| ||und|| aPadmanabhan T 0aMalayalam-Oru Kathakrith Kurishil bDc Books aMalayalam cBK c26074d26074